000 00650nam a22001817a 4500
003 UA-OsUOA
001 19069
007 ta
008 20040711b un ||||| |||| 00| 0 ukr d
100 _aДмитрук Г.
942 _cSA
040 _aUA-OsUOA
_cUA-OsUOA
_dUA-OsUOA
245 _aЖиттєдайні крила духовності
_b[Про план виїз. масових заходів у сіл. закл. культури в Радивилів. р-ні]
300 _aС.4
955 _a0
773 0 _w0
_tПрапор перемоги
_dРадивилів
_d2004
_g№50/51/25 черв./
650 7 _aКраєзнавча робота
_2UDC
999 _c305240
_d305240